000 00217nam a2200097Ia 4500
008 170619s9999 xx 000 0 und d
100 _aGroover Mikell P
245 0 _aCAD/CAM
260 _bSingapoore: Pearson
260 _c1984
546 _aENGLISH
999 _c16998
_d16998